Cotes d'Armor + Morbihan = 14 - Statistiques

Statistiques générales
  • Ce quiz a été pris 93 fois
    79 depuis la dernière actualisation
  • Le résultat moyen est 11 sur 17
Statistiques - réponses
Département % Correct
Ain
87%
Aisne
78%
Côte d'Or
76%
Marne
75%
Nord
72%
Orne
70%
Oise
67%
Cher
66%
Corse
64%
Tarn
64%
Rhône
63%
Somme
61%
Bas Rhin
58%
Indre
58%
Manche
58%
Sarthe
58%
Drome
57%
Aucun quiz correspondant
Distribution des résultats
% des personnes avec chaque résultat
Percentile par nombre de réponses
Votre historique - résultats
Vous n’avez pas pris ce quiz depuis la dernière actualisation